000 00509nam a2200217Ia 4500
008 210210b1940 xxu||||| |||| 00| 0 eng d
041 _aeng
082 _a590/154
100 _aHYMAN (L H)
245 _aInvertebrates I: Protozoa through Ctenophora
260 _aNew York
_bMc Graw Hill Book Co.,
_c1940
300 _ax,726
440 _a1
650 _athrough
650 _aProtozoa
650 _aInvertebrates
650 _aI:
650 _aCtenophora
690 _aZoology
906 _a010726
999 _c138512
_d138512